000 00663nam a2200265Ia 4500
005 20260121170454.0
008 008 260114s9999 xx 000 0 eng d
020 _a9783319783758
037 _aEBOOK
040 _aCRL
040 _beng
040 _cCRL
041 _2eng
041 _aeng
084 _qCRL
100 _aJesper Buus Nielsen, Vincent Rijmen
_91064304
245 0 _aAdvances in Cryptology – EUROCRYPT 2018
260 _bSpringer
260 _bSpringer
260 _c2018
856 _uhttps://link.springer.com/openurl?genre=book&isbn=978-3-319-78375-8
942 _cEBOOK
999 _c1630033
_d1630033